000 00317 a2200145 4500
001 155527
040 _cEscola São Tomás de Aquino
240 1 0 _aProdução de texto
_lpor
245 1 0 _aProdução de texto
300 _a232
362 0 _a2015
440 1 _aModerna
697 _aLíngua portuguesa
942 _cBK
999 _c155527
_d155527